| 000 | 00801nam a2200301Ia 4500 | ||
|---|---|---|---|
| 008 | 160803s9999 xx 000 0 und d | ||
| 020 | _a9780545273282 | ||
| 100 | _aThaler, Mike | ||
| 245 | _aSt. Patrick's Day from the black lagoon / | ||
| 245 | _cby Mike Thaler ; illustrated by Jared Lee. | ||
| 260 | _aNew York : | ||
| 260 | _bScholastic Inc. | ||
| 260 | _c2011 | ||
| 300 | _a61 pages : | ||
| 300 | _billustrations ; | ||
| 300 | _c20 cm. | ||
| 650 | _aEcofiction -- | ||
| 650 | _aHolidays -- | ||
| 650 | _aLeprechauns -- | ||
| 650 | _aParades -- | ||
| 650 | _aSaint Patrick's Day -- | ||
| 650 | _xJuvenile fiction. | ||
| 650 | _xJuvenile fiction. | ||
| 650 | _xJuvenile fiction. | ||
| 650 | _xJuvenile fiction. | ||
| 650 | _xJuvenile literature. | ||
| 700 | _a760 | ||
| 999 |
_c299096 _d299096 |
||